Principles of macroeconomics / (Record no. 11656)
[ view plain ]
| 000 -LEADER | |
|---|---|
| fixed length control field | 00433fam a2200157 a 4500 |
| 020 ## - INTERNATIONAL STANDARD BOOK NUMBER | |
| ISBN | 0669144932 |
| 040 ## - CATALOGING SOURCE | |
| Transcribing agency | DLC |
| -- | CtY |
| 082 ## - DEWEY DECIMAL CLASSIFICATION NUMBER | |
| Classification number | 338 DCE 1991 A017 Or. |
| 100 1# - MAIN ENTRY--AUTHOR NAME | |
| Personal name | Henderson, J. Vernon. |
| 245 10 - TITLE STATEMENT | |
| Title | Principles of macroeconomics / |
| 260 0# - PUBLICATION, DISTRIBUTION, ETC. (IMPRINT) | |
| Place of publication | Lexington, Mass. : |
| Name of publisher | D.C. Heath, |
| Year of publication | c1991. |
| 300 ## - PHYSICAL DESCRIPTION | |
| Number of Pages | xxx, 714, [46] p. : |
| Other physical details | ill. (some col.) ; |
| Dimensions | 26 cm. |
| 650 #0 - SUBJECT ADDED ENTRY--TOPICAL TERM | |
| Topical Term | Macroeconomics. |
| 700 1# - ADDED ENTRY--PERSONAL NAME | |
| Personal name | Poole, William, |
| 942 ## - ADDED ENTRY ELEMENTS (KOHA) | |
| Koha item type | សៀវភៅភាសាអង់គ្លេស |
| 952 ## - LOCATION AND ITEM INFORMATION (KOHA) | |
| Withdrawn status [LOCAL, KOHA] | 0 |
| Permanent Location | Date acquired | Koha item type | Lost status | Shelving location | Barcode | Current Location | Full call number |
|---|---|---|---|---|---|---|---|
| Library Block A | 2017-08-04 | សៀវភៅភាសាអង់គ្លេស | A070 | A06720 | Library Block A | 338 DCE 1991 A070 Or. |